Datum a čas kvízu
23.5
Celkem bodů
Celkový počet nahraných bodů na tomto kvízu bez doplňovacích otázek.
6.
Pořadí na kvízu
Konečné umístění týmu na tomto kvízu.
Zaznamenané odpovědi
| # | Otázka | Odpověď | Body | Výsledky |
|---|---|---|---|---|
| 1. | V sobotu bylo pro veřejnost ot... | Most, též Mostecké jezero | 0 | |
| 2. | Rusko začalo distribuovat prvn... | Sputnik | 0 | |
| 3. | V úterý oslavila úctyhodné 10... | Meda Mládková | 1 | |
| 4. | Americký technologický gigant... | Intel | 1 | |
| 5. | Srbský tenista Novak Djoković... | Trefil mimo hru čárovou rozhodčí. | 1 | |
| 6. | Za celou historii udělování No... | Marie Curie-Skłodowská | 1 | |
| 7. | Pouze dvěma Čechům v historii... | Jaroslav Heyrovský, Jaroslav Seifert | 1 | |
| 8. | V roce 1954 obdržel Nobelovu c... | Ernest Hemingway, Stařec a moře | 1 | |
| 9. | Přiřaďte laureáty Nobelových c... | 1B 2C 3A 4D | 0 | |
| 10. | Vyberte nepravdivé tvrzení o p... | C | 0 |